Sports Quiz

Random Sports or NHL Quiz

Most NHL Game Winning Goals Quiz Stats

 Plays Quiz not verified by Sporcle

Support Sporcle.
Go Orange.
Score 0/14 Timer 05:00
0 Plays Today
# Game Winners Name % Correct
91Wayne Gretzky
95%
112Jaromir Jagr
81.7%
94Steve Yzerman
76.7%
92Mark Messier
76.7%
110Brett Hull
73.3%
96Mats Sundin
55%
99Teemu Selanne
51.7%
# Game Winners Name % Correct
93Sergei Fedorov
51.7%
109Brendan Shanahan
45%
91Mark Recchi
45%
92Mike Modano
43.3%
92Jeremy Roenick
35%
97Guy Lafleur
31.7%
93Joe Nieuwendyk
26.7%

You're not logged in!

Compare scores with friends on all Sporcle quizzes.
OR
Log In

From the Vault

60 Second Blitz: Borders of Russia

by Headers2304

Russia has 14 borders. Ready, set, go!
Remove Ads.
Support Sporcle.
Get the best of Sporcle when you Go Orange. This ad-free experience offers more features, more stats, and more fun while also helping to support Sporcle. Thank you for becoming a member.

Show Comments

Extras

Created Feb 11, 2011ReportNominate
Tags:NHL Quiz

Top Quizzes Today


Score Distribution

Your Account Isn't Verified!

In order to create a playlist on Sporcle, you need to verify the email address you used during registration. Go to your Sporcle Settings to finish the process.

Report this User

Report this user for behavior that violates our Community Guidelines.

Details: